000
00315nam a22001457a 4500
008
210430b ||||| |||| 00| 0 eng d
020
_a
2900312676093
041
_a
eng
080
_a
37
082
_a
37
100
_a
46
101
_a
EDU
245
_a
Successful College Writing
_c
Whorte,K.T
942
_2
udc
_c
BK
999
_c
57070
_d
57070